00839nam a2200181Ia 4500008004100000020001800041050002100059100003000080245006800110250001000178260003000188300002000218650006900238952011300307952011000420952011000530999001700640120721s9999 xx 000 0 und d a970-07-5015-9 aKGF5819 M65 2004 aMonarque Ureña, Rodolfo aDerecho proceasl penal esquemático / Rodolfo Monarque Ureña a2a ed aMéxico : Porrúa, 2004 a171 p. ; 17 cm. a1. Procedimiento penal - México 2. Derecho pehal - MéxicoÌ 00104070a08b08d2009-03-23l5m1oKGF5819 M65 2004p08 001202r2018-07-16s2018-07-16t3w2012-07-20yLB 00104070a08b08d2008-12-17l3oKGF5819 M65 2004p08 001770r2014-07-07s2014-07-07t1w2012-07-20yLB 00104070a08b08d2009-03-23l5oKGF5819 M65 2004p08 001771r2014-04-04s2014-04-04t2w2012-07-20yLB c81936d81936